History Quiz

Random History or Nation Quiz

Colonies Founders (US) Quiz Stats

 Plays Quiz Updated Aug 29, 2019

Score 0/13 Timer 05:00
0 Plays Today
Colony Founder % Correct
PennsylvaniaWilliam Penn
81.6%
VirginiaLondon Company
61.5%
Rhode IslandRoger Williams
41.5%
MarylandLord Baltimore
35.3%
GeorgiaJames Oglethorpe
33.7%
MassachusettsJohn Winthrop
31%
New YorkDuke of York
25.8%
ConnecticutThomas Hooker
15.4%
DelawarePeter Minuit and New Sweden Company
9%
New HampshireJohn Wheelwright
7.9%
New JerseyLord Berkeley and Sir George Carteret
7.1%
North CarolinaVirginians
6.8%
South CarolinaEight Nobles with a Royal Charter from Charles II
5.9%

You're not logged in!

Compare scores with friends on all Sporcle quizzes.
OR
Log In

Sporcle TV

Today on Sporcle TV


Watch our educational content, quiz creation guides, and fun videos on Sporcle TV.

Show Comments

Extras

Top Quizzes Today


Score Distribution

Your Account Isn't Verified!

In order to create a playlist on Sporcle, you need to verify the email address you used during registration. Go to your Sporcle Settings to finish the process.

Report this User

Report this user for behavior that violates our Community Guidelines.

Details: